|
|
|
|
| LEADER |
00000nab a2200000 a 4500 |
| 001 |
vtls000873495 |
| 003 |
SK-MaSNL |
| 005 |
20260318114457.0 |
| 008 |
160405c2004 xo 0 hun |
| 015 |
|
|
|a SNBRB2004/05-16027
|
| 035 |
|
|
|a CLN000225047
|
| 040 |
|
|
|a SNKBUCL
|b slo
|c SNKBUCL
|e AACR2
|
| 041 |
0 |
|
|a hun
|
| 044 |
|
|
|a xo
|c SK
|
| 080 |
|
|
|a 373.3(437.6)(=511.141):371.212.1
|2 1997
|
| 080 |
|
|
|a 371.212.1
|2 1997
|
| 100 |
1 |
|
|a Leczo, Zoltán,
|d 1972-
|4 aut
|9 846881
|
| 245 |
1 |
0 |
|a Beíratási körkép a Bodrogköz iskoláiban
|b az állam által biztosított összeg ...
|n II.
|c Leczo Zoltán
|
| 300 |
|
|
|b Fotogr.
|
| 650 |
0 |
7 |
|a základné školy s vyučovacím jazykom maďarským
|2 SNKPH
|9 87207
|
| 651 |
|
7 |
|a 811
|2 snkbucl
|9 462276
|
| 651 |
|
7 |
|a Trebišov (Slovensko : okres)
|2 SNKPHgeo
|9 56230
|
| 655 |
|
7 |
|a články z novín a časopisov
|2 SNK
|9 267496
|
| 773 |
0 |
|
|t Új szó
|g Roč. 57, č. 79 (3.4.2004), s. 4
|
| 850 |
|
|
|a Slovenská národná knižnica v Martine
|
| 852 |
|
|
|a SNK
|b KIS3GCP
|
| 958 |
|
|
|a HU
|
| 958 |
|
|
|a SK
|
| 958 |
|
|
|a RBX
|
| 999 |
|
|
|c 3307461
|d 3309391
|